000 00543nam a2200205Ia 4500
003 OSt
005 20220926044320.0
006 a|||||r|||| 00| 0
007 ta
008 220923b |||||||| |||| 00| 0 eng d
037 _cGeneral Book
040 _aRTL
_cRTL
_beng
041 _2eng
_aeng
082 _aX796.7385.N3, G7
100 _aOakes Eugene E
_9348807
245 0 _aStudies in massachusetts town finance
260 _c1937
942 _hX796.7385.N3, G7
_cGB
_2CC
999 _c674497
_d674497